[Event "BI-2012-P-00035"]
[Site "LSS email"]
[Date "2012.04.20"]
[Round "?"]
[White "Gyimesi, Jenoe"]
[Black "Montoro, Gustavo Ernesto"]
[Result "1/2-1/2"]
[WhiteElo "2007"]
[BlackElo "2139"]
[PlyCount "42"]
[EventDate "2012.04.22"]
[EventType "tourn (corr)"]
[EventRounds "10"]
[EventCountry "GER"]
[SourceTitle "Telechess CBM 159"]
[Source "ChessBase"]
[SourceDate "2014.03.17"]
[SourceVersion "1"]
[SourceVersionDate "2014.03.17"]
[SourceQuality "1"]

1. e4 e6 2. d4 d5 3. Nc3 Nf6 4. e5 Nfd7 5. f4 c5 6. Nf3 Nc6 7. Be3 a6 8. Qd2 b5 9. Be2 Bb7 10. 0-0 Qb6 11. Nd1 Nxd4 12. Nxd4 cxd4 13. Bxd4 Qxd4+ 14. Qxd4 Bc5 15. c3 Bxd4+ 16. cxd4 Ke7 17. Ne3 f6 18. Rae1 fxe5 19. fxe5 Rac8 20. Bd3 h6 21. Nc2 Rhf8 1/2-1/2

[Event "CP-2011-P-00023"]
[Site "LSS email"]
[Date "2011.09.30"]
[Round "?"]
[White "Gyimesi, Jenoe"]
[Black "Guaimare Rodriguez, Carlos Luis"]
[Result "1-0"]
[WhiteElo "2037"]
[BlackElo "1060"]
[PlyCount "37"]
[EventDate "2011.10.01"]
[EventType "tourn (corr)"]
[EventRounds "6"]
[EventCountry "GER"]
[SourceTitle "Telechess CBM 153"]
[Source "ChessBase"]
[SourceDate "2013.03.14"]
[SourceVersion "1"]
[SourceVersionDate "2013.03.14"]
[SourceQuality "1"]

1. e4 e5 2. Nf3 Nc6 3. Bb5 a6 4. Ba4 Nf6 5. 0-0 Be7 6. d4 exd4 7. Re1 b5 8. Bb3 d6 9. Bd5 Nxd5 10. exd5 Ne5 11. Nxd4 Bb7 12. Nf5 Ng6 13. Nxg7+ Kf8 14. Bh6 Kg8 15. Nc3 Ne5 16. Rxe5 dxe5 17. Ne6 fxe6 18. Qg4+ Kf7 19. dxe6+ 1-0

[Event "LSS WC-2010-F-00008"]
[Site "LSS email"]
[Date "2010.11.17"]
[Round "?"]
[White "Vujadinovic, Milan"]
[Black "Gyimesi, Jenoe"]
[Result "1/2-1/2"]
[WhiteElo "2030"]
[BlackElo "2037"]
[PlyCount "69"]
[EventDate "2010.11.23"]
[EventType "tourn (corr)"]
[EventRounds "10"]
[EventCountry "GER"]
[SourceTitle "Telechess CBM 153"]
[Source "ChessBase"]
[SourceDate "2013.03.14"]
[SourceVersion "1"]
[SourceVersionDate "2013.03.14"]
[SourceQuality "1"]

1. e4 e5 2. Nf3 Nc6 3. Bc4 Bc5 4. c3 Nf6 5. d4 exd4 6. cxd4 Bb4+ 7. Bd2 Nxe4 8. Bxb4 Nxb4 9. Bxf7+ Kxf7 10. Qb3+ d5 11. Qxb4 Rf8 12. Ne5+ Kg8 13. 0-0 Qg5 14. Qb5 c6 15. Qd3 Bf5 16. f4 Qh6 17. Nd2 a5 18. Rae1 a4 19. Nxe4 Bxe4 20. Qd2 Qd6 21. Re3 Rf5 22. Rf2 b6 23. Qc1 c5 24. dxc5 bxc5 25. Nc4 Qf6 26. Nd2 Qd4 27. Nxe4 dxe4 28. Qe1 Re8 29. Rd2 Qc4 30. g3 Qxa2 31. Rxe4 Rxe4 32. Qxe4 Rf8 33. Qe2 h6 34. Kg2 Qb3 35. Qe5 1/2-1/2